[Event "Oceania Zonal"]
[Site "Gold Coast AUS"]
[Date "2009.06.24"]
[Round "7"]
[White "Solomon,SJ"]
[Black "Smith,Ro"]
[Result "1-0"]
[WhiteElo "2455"]
[BlackElo "2274"]

1.e4 c5 2.Nf3 d6 3.Bb5+ Bd7 4.Bxd7+ Qxd7 5.c4 Nc6 6.Nc3 g6 7.d4 cxd4 8.Nxd4 Bg7
9.Nde2 Nf6 10.O-O O-O 11.f3 h6 12.Be3 Rfd8 13.Qd2 Kh7 14.b3 e6 15.Rad1 Qe7
16.Bf4 Ne8 17.h3 Rd7 18.g4 Rad8 19.Kg2 Nc7 20.Bg3 a6 21.Na4 Na8 22.Nac3 Nc7
23.Rc1 Qg5 24.Qxg5 hxg5 25.h4 gxh4 26.Bxh4 f6 27.Bg3 Ne7 28.Rfd1 Kg8 29.c5 Ne8
30.Nf4 Kf7 31.Nd3 Bh6 32.f4 d5 33.e5 Bg7 34.b4 Nc7 35.a4 f5 36.g5 d4 37.Ne2 Ncd5
38.Kf3 Nc3 39.Nxc3 dxc3 40.Rxc3 Nd5 41.Rb3 Nxb4 42.Rxb4 Rxd3+ 43.Rxd3 Rxd3+
44.Ke2 Rd7 45.Rb6 Rc7 46.Bf2 Bf8 47.Kd3 Bxc5 48.Bxc5 Rxc5 49.Rxb7+ Kf8 50.Rb6 Ra5
51.Rb4 Ke7 52.Kc3 Rd5 53.Rd4 Rc5+ 54.Kb4 Rc6 55.Ka5 Ke8 56.Rb4 Kf7 57.Rb7+ Kf8
58.Rb6 Rc4 59.Rxe6 Kf7 60.Rxa6 Rxf4 61.Rf6+ Kg7 62.Kb5 Rg4 63.a5 Rxg5 64.Kc6 f4
65.Kd6 Rg1 66.Rxf4 Ra1 67.e6 Rxa5 68.Rf7+ Kg8 69.Rc7 Ra6+ 70.Ke5 Kf8 71.Kf6 Ra8
72.Rh7 Kg8 73.Rg7+ Kh8 74.Rxg6 Kh7 75.Rg2  1-0

[Event "CIQ"]
[Site "Montreal CAN"]
[Date "2009.06.24"]
[Round "6"]
[White "Barbeau,S"]
[Black "Kovalyov,A"]
[Result "0-1"]
[WhiteElo "2357"]
[BlackElo "2557"]

1.e4 c5 2.Nf3 d6 3.Bb5+ Bd7 4.Bxd7+ Qxd7 5.O-O Nc6 6.c3 Nf6 7.d4 cxd4 8.cxd4 d5
9.e5 Ne4 10.Ne1 h6 11.f3 Ng5 12.Nc3 e6 13.Nc2 Be7 14.Qd3 f5 15.exf6 Bxf6
16.Be3 Nf7 17.Ne2 O-O-O 18.Rac1 Kb8 19.Nf4 Rhe8 20.Ng6 Ka8 21.Bf4 Rc8 22.Rfd1 Qd8
23.Kf1 Qb6 24.b3 a6 25.h4 Na7 26.a4 Rc6 27.Bd2 Rec8 28.g3 Nd6 29.Kg2 Nf5
30.Ne5 R6c7 31.f4 Nc6 32.Nxc6 Rxc6 33.a5 Qd8 34.Nb4 Rxc1 35.Rxc1 Rxc1 36.Bxc1 Qxa5
37.Bd2 Nxd4  0-1

[Event "4th Polonia Wroclaw Open A"]
[Site "Warsaw POL"]
[Date "2009.06.24"]
[Round "7"]
[White "Biolek,R2"]
[Black "Guilleux,F"]
[Result "0-1"]
[WhiteElo "2424"]
[BlackElo "2313"]

1.e4 c5 2.Nf3 d6 3.Bb5+ Bd7 4.Bxd7+ Qxd7 5.O-O Nf6 6.Re1 Nc6 7.c3 e6 8.d4 cxd4
9.cxd4 d5 10.e5 Ne4 11.Nbd2 Nxd2 12.Bxd2 Be7 13.Rc1 O-O 14.Rc3 Rac8 15.a3 Nb8
16.Rd3 Qc6 17.Bc3 Rc7 18.h4 Rfc8 19.h5 Qb5 20.h6 g6 21.Qd2 a5 22.Rd1 b6 23.Nh2 Na6
24.Ng4 Qe8 25.Rh3 Rc4 26.f4 Qf8 27.Ne3 R4c6 28.Ra1 Nc7 29.a4 f5 30.exf6 Bxf6
31.Ng4 Ne8 32.Re1 Bh8 33.Ne5 R6c7 34.Nd3 Rc6 35.Rhe3 Nd6 36.Rxe6 Ne4 37.R1xe4 dxe4
38.Rxc6 Rxc6 39.Ne5 Rc7 40.d5 Qd6 41.Qd4 Rc5 42.Qxe4 Qxd5 43.Qe3 Qe6 44.Qf3 Rd5
45.Qe2 Kf8 46.Qa6 Bxe5 47.Bxe5 Rd1+ 48.Kf2 Qg4 49.Qe2 Qh4+ 50.Kf3 Qh5+ 51.Kf2 Qxe2+
52.Kxe2 Ra1 53.Bd4 Rxa4 54.Bxb6 Kf7 55.Kf3 Ke6 56.g4 Ra2 57.Ke4 Ra4+ 58.Bd4 Rb4
59.f5+ Kf7 60.Kd5 a4 61.Ke4 Rb3 62.Kf4 Rd3 63.Bg7 Rh3 64.Kg5 gxf5 65.Kxf5 Rf3+
66.Kg5 Re3 67.Kh5 Ke6 68.Kg5  0-1

[Event "Petr Izmailov Mem"]
[Site "Tomsk RUS"]
[Date "2009.06.26"]
[Round "3"]
[White "Shakhmatov,V"]
[Black "Peregudov,N"]
[Result "0-1"]
[WhiteElo "2051"]
[BlackElo "2403"]

1.e4 c5 2.Nf3 d6 3.Bb5+ Bd7 4.Bxd7+ Nxd7 5.O-O Ngf6 6.d3 g6 7.c4 Bg7 8.Nc3 O-O
9.h3 e5 10.a3 h6 11.Bd2 Ne8 12.Nh2 Kh7 13.Qe2 Nc7 14.Nd5 Ne6 15.Be3 Nb8 16.b4 Nc6
17.Nf3 f5 18.b5 Nb8 19.a4 Nd7 20.Kh2 h5 21.g3 f4 22.Bd2 Bh6 23.Bc3 Rf7 24.Rg1 fxg3+
25.fxg3 Qg8 26.Raf1 Raf8 27.a5 Nd4 28.Nxd4 exd4 29.Be1 Ne5 30.Rxf7+ Qxf7
31.Rg2 Qf1 32.Qxf1 Rxf1 33.Re2 Rxe1 34.Rxe1 Nf3+ 35.Kh1 Nxe1 36.a6 bxa6  0-1

[Event "Open"]
[Site "Albena BUL"]
[Date "2009.06.27"]
[Round "8"]
[White "Genova,Ly"]
[Black "Kopasov,E"]
[Result "1-0"]
[WhiteElo "2221"]
[BlackElo "2075"]

1.e4 c5 2.Nf3 d6 3.Bb5+ Bd7 4.Bxd7+ Qxd7 5.c4 Nf6 6.Nc3 g6 7.d4 cxd4 8.Nxd4 Bg7
9.f3 O-O 10.Be3 Nc6 11.O-O Rfc8 12.b3 a6 13.a4 Qd8 14.Qd2 Qa5 15.Rac1 Nd7
16.Rfd1 Rab8 17.Nde2 Kh8 18.Qc2 Rf8 19.Nd5 f5 20.exf5 Rxf5 21.Ng3 Rf7 22.Ne4 Rf5
23.Kh1 Rbf8 24.Ng5 Rxg5 25.Bxg5 e6 26.Bd2 Qd8 27.Ne3 Nd4 28.Qa2 Ne2 29.Rb1 Qh4
30.Be1 Nc3 31.Bxh4 Nxa2 32.Rxd6 Nc3 33.Re1 Nc5 34.b4 N5xa4 35.Rxe6 Rf7 36.Re8+ Bf8
37.Ng4 h5 38.Ne5 Rf5 39.Nxg6+ Kg8  1-0

[Event "5th Open"]
[Site "Sort ESP"]
[Date "2009.06.27"]
[Round "4"]
[White "Fandino Reyes,R"]
[Black "Saranya,J"]
[Result "1/2-1/2"]
[WhiteElo "2185"]
[BlackElo "1981"]

1.e4 c5 2.Nf3 d6 3.Bb5+ Bd7 4.Bxd7+ Qxd7 5.O-O Nc6 6.c3 Nf6 7.Re1 e6 8.d4 cxd4
9.cxd4 d5 10.e5 Ne4 11.Nc3 Nxc3 12.bxc3 Be7 13.Qd3 Na5 14.Bf4 Rc8 15.h4 Qc6
16.Rec1 Qc4 17.Qe3 Ba3 18.Rc2 Qa4 19.Ne1 Nc4 20.Qg3 Rg8 21.Rb1 b6 22.Qd3 h6
23.h5 Be7 24.Rb3 Na5 25.Rb1 Nc4 26.Rb3 Na5 27.Rb1 Nc4 28.Rb3 Na5  1/2-1/2

[Event "Petr Izmailov Mem"]
[Site "Tomsk RUS"]
[Date "2009.06.27"]
[Round "4"]
[White "Shakhmatov,V"]
[Black "Galaktionov,P"]
[Result "1-0"]
[WhiteElo "2051"]
[BlackElo "2174"]

1.e4 c5 2.Nf3 d6 3.Bb5+ Nc6 4.O-O Bg4 5.h3 Bd7 6.c3 Nf6 7.Re1 Qc7 8.d4 b6
9.e5 Ng8 10.e6 fxe6 11.Ng5 Nd8 12.Qf3 Rb8 13.Bd3 g6 14.Nxh7 Rxh7 15.Bxg6+ Rf7
16.Nd2 Nf6 17.Ne4 Nxe4 18.Qxe4 Bg7 19.Re3 Kf8 20.Bxf7 Nxf7 21.Rg3 e5 22.Qh7 Be6
23.Rxg7 Ke8 24.Qg6 Bd5 25.dxe5 dxe5 26.Bg5 Rd8 27.Rd1 Rd6 28.Rg8+ Kd7 29.Rxd5  1-0

[Event "II Magistral Copa Roggio B"]
[Site "Asuncion PAR"]
[Date "2009.06.29"]
[Round "2"]
[White "Malbran,G"]
[Black "Peralta,E"]
[Result "1/2-1/2"]
[WhiteElo "2246"]
[BlackElo "2274"]

1.e4 c5 2.Nf3 d6 3.Bb5+ Nc6 4.Bxc6+ bxc6 5.O-O e5 6.c3 Nf6 7.Re1 Be7 8.d4 cxd4
9.cxd4 Qc7 10.Nc3 O-O 11.h3 Rb8 12.Qc2 exd4 13.Nxd4 Qb7 14.b3 Bd7 15.Bf4 Rbd8
16.Rad1 Rfe8 17.e5  1/2-1/2

[Event "1st Big Slick GM"]
[Site "London ENG"]
[Date "2009.06.29"]
[Round "3"]
[White "Galego,L"]
[Black "Gormally,D"]
[Result "1/2-1/2"]
[WhiteElo "2454"]
[BlackElo "2487"]

1.e4 c5 2.Nf3 d6 3.Bb5+ Nd7 4.O-O Nf6 5.Re1 a6 6.Bf1 b6 7.d4 cxd4 8.Nxd4 Bb7
9.Nc3 e6 10.a4 Be7 11.b3 O-O 12.Bb2 Re8 13.Qd2  1/2-1/2

[Event "ZMD Open"]
[Site "Dresden GER"]
[Date "2009.07.01"]
[Round "8"]
[White "Hentze,M"]
[Black "Meertens,Mart"]
[Result "1/2-1/2"]
[WhiteElo "2006"]
[BlackElo "2146"]

1.e4 c5 2.Nf3 d6 3.Bb5+ Bd7 4.Bxd7+ Qxd7 5.c4 g6 6.Nc3 Bg7 7.d4 cxd4 8.Nxd4 Nc6
9.Be3 Nf6 10.f3 O-O 11.O-O Rfc8 12.b3 Qd8 13.Qd2 Qa5 14.Rfd1 a6 15.Nxc6 Rxc6
16.Rac1 Kf8 17.Nd5 Qxd2 18.Bxd2 b5 19.Nb4 Rcc8 20.cxb5 axb5 21.Rxc8+ Rxc8
22.Rc1 Rxc1+ 23.Bxc1 Ke8 24.Bb2 Kd7 25.Kf1 Ne8 26.Bxg7 Nxg7 27.Ke2 Ne6 28.Ke3 Nc5
29.Nd5 h6 30.Kd4 h5 31.Kc3 e6 32.Nf4 Kc6 33.Nh3 Nb7 34.Ng5 Nd8 35.Kd4 Kd7
36.Nh3 Kc6 37.Nf2 Kb6 38.Nd3 Ka5 39.a3 Nc6+ 40.Kc3 g5 41.g3 e5 42.f4 g4 43.fxe5 dxe5
44.Nc5 b4+ 45.axb4+ Kb5 46.Nd7 f6 47.Nxf6 Nd4 48.Nxh5 Nf3 49.Kd3 Nxh2 50.Ke2 Kxb4
51.Ng7 Kxb3 52.Ne6 Nf3 53.Nc7 Kc4 54.Ke3 Nd4 55.Nd5 Nc2+ 56.Kd2 Nb4 57.Ne3+  1/2-1/2

[Event "Greek Cup Finals"]
[Site "Halkidiki GRE"]
[Date "2009.07.01"]
[Round "2"]
[White "Bojkov,D"]
[Black "Pavlidis,Ana"]
[Result "1/2-1/2"]
[WhiteElo "2512"]
[BlackElo "2348"]

1.e4 c5 2.Nf3 d6 3.Bb5+ Bd7 4.Bxd7+ Qxd7 5.c4 Nc6 6.d4 cxd4 7.Nxd4 Nf6 8.Nc3 g6
9.f3 Bg7 10.Be3 O-O 11.O-O Rfc8 12.Nde2 Rd8 13.Qd2 Rac8 14.Rad1 Qc7 15.b3 Qb8
16.Kh1 Rd7 17.Bg5 e6 18.Qf4 Ne8 19.Qh4 a6 20.f4 b5 21.f5 f6 22.Bh6 exf5 23.Bxg7 g5
24.Qh3 Nxg7 25.cxb5 axb5 26.Nd5 Rf7 27.exf5 Ne5 28.Nd4 Qb7 29.Ne6 Re8 30.Nxg7 Kxg7
31.Qg3 Kf8 32.Rd2 Rc8 33.Rfd1 Rc5 34.h3 Qc8 35.Ne3 Rc3 36.Qe1 Qc5 37.Nd5 Rc2
38.Qe2 Rxd2 39.Qxd2 Qc8 40.Ne3 Kg7 41.Rf1 Qa6 42.Rc1 Ra7 43.Nd5 Qxa2 44.Rc7+ Nf7
45.Qxa2 Rxa2 46.Rb7 Rf2 47.g4 Rd2 48.Rxb5 Ne5 49.Rb7+ Kf8 50.Rb8+ Kf7 51.Rb7+ Kf8  1/2-1/2

[Event "ZMD Open"]
[Site "Dresden GER"]
[Date "2009.07.02"]
[Round "9"]
[White "Schellmann,F"]
[Black "Boewer,R"]
[Result "1/2-1/2"]
[WhiteElo "2161"]
[BlackElo "2249"]

1.e4 c5 2.Nf3 d6 3.Bb5+ Bd7 4.Bxd7+ Qxd7 5.c4 g6 6.Nc3 Bg7 7.d4 cxd4 8.Nxd4 Nf6
9.f3 Nc6 10.Nde2 O-O 11.O-O Qc7 12.Kh1 a6 13.a4 Qb6 14.Rb1 Rac8 15.b3 Rfe8
16.Bg5 Qa5 17.Bd2 Qb6 18.Bg5 Nb4 19.Qd2 Nd7 20.Be3 Nc5  1/2-1/2

[Event "ZMD Open"]
[Site "Dresden GER"]
[Date "2009.07.02"]
[Round "9"]
[White "Fegebank,F"]
[Black "Grosse,Mar"]
[Result "1/2-1/2"]
[WhiteElo "2050"]
[BlackElo "1925"]

1.e4 c5 2.Nf3 d6 3.Bb5+ Bd7 4.Bxd7+ Qxd7 5.O-O Nc6 6.c3 e6 7.Qe2 Nf6 8.d3 Be7
9.h3 O-O 10.Be3 Rac8 11.Nbd2 Qc7 12.d4 cxd4 13.Bxd4 e5 14.Be3 d5  1/2-1/2

[Event "ZMD Open"]
[Site "Dresden GER"]
[Date "2009.07.02"]
[Round "9"]
[White "Wahono,A"]
[Black "Kelbling,P"]
[Result "1-0"]
[WhiteElo "2399"]
[BlackElo "2080"]

1.e4 c5 2.Nf3 d6 3.Bb5+ Bd7 4.Bxd7+ Qxd7 5.c4 Nc6 6.Nc3 g6 7.d4 cxd4 8.Nxd4 Bg7
9.Be3 Nf6 10.f3 Rc8 11.b3 a6 12.Rc1 O-O 13.O-O Rfe8 14.Nde2 Qd8 15.Kh1 Qa5
16.a4 Qb4 17.Rb1 Red8 18.Qd2 Rd7 19.Rfc1 e6 20.Rd1 Rcd8 21.Bg5 h6 22.Bxh6 d5
23.Bxg7 Kxg7 24.cxd5 exd5 25.exd5 Nxd5 26.Nxd5 Qxd2 27.Rxd2 Rxd5 28.Rxd5 Rxd5
29.Nc3 Rd2 30.Ne4 Rc2 31.h3 f5 32.Ng5 Kf6 33.f4 Nd4 34.Rd1 Ne2 35.Rd6+ Kg7
36.Rd7+ Kg8 37.Ne6 Rc6 38.Re7 b5 39.Re8+  1-0

[Event "Petr Izmailov Mem"]
[Site "Tomsk RUS"]
[Date "2009.07.02"]
[Round "9"]
[White "Yakunin,A"]
[Black "Kozganbayev,E"]
[Result "1-0"]
[WhiteElo "2371"]
[BlackElo "2173"]

1.e4 c5 2.Nf3 d6 3.Bb5+ Nc6 4.O-O Bg4 5.h3 Bxf3 6.Qxf3 Nf6 7.Bxc6+ bxc6 8.e5 dxe5
9.Qxc6+ Qd7 10.Qxa8+ Qd8 11.Qxa7 Qd4 12.c3 Qe4 13.Re1 Qxe1+ 14.Kh2 Qxc1 15.b3 Ne4
16.f3 Nf2 17.Qa8+ Kd7 18.Qb7+ Kd8 19.Qb6+ Kc8 20.Qc6+ Kb8 21.Qe8+ Kb7 22.Kg3 Qb2
23.c4 Qxa1 24.Nc3 Qe1 25.Nb5 Kb6 26.Qb8+ Kc6 27.d3 Ng4+ 28.Kxg4 Qb4 29.Na7+ Kd7
30.Qc8+ Kd6 31.Qd8+ Ke6 32.Qc8+ Kf6 33.Qc6+ e6 34.Qa4 Qxa4 35.bxa4 h6 36.f4 exf4
37.Kxf4 e5+ 38.Ke4 g5 39.g4 h5 40.gxh5 Rxh5 41.h4 Rxh4+ 42.Kd5 Rh3 43.Kc6 Rxd3
44.Kb5 Rb3+ 45.axb3 Bd6 46.Kc6 Ke6 47.Nc8 Bf8 48.Nd6 Kf6 49.Nb7 Be7 50.Nxc5 Bxc5
51.Kxc5 Ke7 52.Kd5 f5 53.Kxe5 Kf7 54.Kxf5 Ke7 55.Kxg5 Kd6 56.Kf4 Kc5 57.a5 Kb4
58.a6 Kxb3 59.a7 Kxc4 60.a8=Q Kc3 61.Ke4 Kb2 62.Kd4 Kc2 63.Kc4 Kd2 64.Qe4 Kc1
65.Qe1+ Kc2 66.Kd4 Kb2 67.Kd3 Ka3 68.Qa1+ Kb3 69.Kd4 Kc2 70.Qa2+ Kd1 71.Kd3 Ke1
72.Qe2+  1-0

[Event "Helmut Kohls IM"]
[Site "Dortmund GER"]
[Date "2009.07.03"]
[Round "1"]
[White "Eismont,O"]
[Black "Zelbel,P"]
[Result "1/2-1/2"]
[WhiteElo "2326"]
[BlackElo "2348"]

1.e4 c5 2.Nf3 d6 3.Bb5+ Nc6 4.Bxc6+ bxc6 5.e5 dxe5 6.Nxe5 Qd5 7.Nf3 Bg4 8.Nc3 Bxf3
9.Qxf3 Qxf3 10.gxf3 e6 11.d3 Nf6 12.Be3 Be7 13.Rg1 g6 14.Bg5 h6 15.Bxf6 Bxf6
16.Na4 Rb8 17.Rb1 Ke7 18.b3 Bd4 19.Rg4 h5 20.Rg1 Rhd8 21.Nb2 Bxb2 22.Rxb2 Rb4
23.Rg5 Rd5 24.Rxd5 cxd5 25.c4 Kd6 26.f4 a5 27.a3 Rb6 28.Kd2 e5 29.fxe5+ Kxe5
30.Ke3 dxc4 31.dxc4 a4 32.b4 cxb4 33.axb4 a3 34.Ra2 Rxb4 35.Rxa3 Rxc4 36.Ra5+ Kf6
37.Kf3 g5 38.h3 Kg6 39.Kg2 Rc6 40.Rb5 f6 41.Ra5 Re6 42.Rb5 Re5 43.Rb6 Kf5
44.Ra6 Rd5 45.Rb6 Ke5 46.Ra6 h4 47.Rb6 Rd6 48.Rb5+ Ke4 49.Rb4+ Rd4 50.Rb8 f5
51.Rg8 Kf4 52.Rh8 Rd3 53.Rh7 Rd5 54.Rh8 Ke4 55.Re8+ Re5 56.Ra8 Kf4 57.Rh8 Re7
58.Rh5 Re8 59.Rh7 Ke4 60.Ra7 f4 61.Ra4+ Kf5 62.Kf3 Re1 63.Ra5+ Kg6 64.Ra6+ Kh5
65.Ra5 Rh1 66.Kg2 Rd1 67.Ra3 Kg6 68.Kf3 Rg1 69.Ke4  1/2-1/2

[Event "XXXII Open"]
[Site "Barbera ESP"]
[Date "2009.07.04"]
[Round "1"]
[White "Bacallao,Y"]
[Black "Martin Grillo,R"]
[Result "1/2-1/2"]
[WhiteElo "2467"]
[BlackElo "2218"]

1.e4 c5 2.Nf3 d6 3.Bb5+ Bd7 4.Bxd7+ Qxd7 5.O-O Nf6 6.e5 dxe5 7.Nxe5 Qc7 8.d4 e6
9.Bf4 Qb6 10.dxc5 Bxc5 11.Nc3 O-O 12.Na4 Qa5 13.Nxc5 Qxc5 14.c4 Nc6 15.Nxc6 Qxc6
16.Qe2 Rac8 17.b3 Rfd8 18.Rfd1 Qe4 19.Qxe4 Nxe4 20.Kf1 Kf8 21.f3 Nc5 22.Ke2 a6
23.Rac1 f6 24.Rxd8+ Rxd8 25.Be3 Rc8 26.b4 Nd7 27.c5 Ne5 28.a4 Ke7 29.f4 Ng4
30.Bd4 Nxh2 31.b5 axb5 32.axb5 Kd7 33.Rh1 Ng4 34.Rxh7 Rg8 35.Kf3 e5 36.Kxg4 exd4
37.Kf5 b6 38.cxb6 Kd6 39.b7 Kc7 40.Kg6 Kxb7 41.Rh5 Rd8 42.Kxg7 d3 43.Rh1 Rd6
44.f5 Kb6 45.Rb1 d2 46.g4 Rd4 47.Kxf6 Rxg4 48.Rd1 Rg2 49.Ke7 Kxb5 50.f6 Re2+
51.Kd7 Rf2  1/2-1/2

[Event "Ch-Paris Int"]
[Site "Coubertin FRA"]
[Date "2009.07.04"]
[Round "1"]
[White "Aranovitch,E"]
[Black "Guliyev,N"]
[Result "1-0"]
[WhiteElo "2356"]
[BlackElo "2555"]

1.e4 c5 2.Nf3 d6 3.Bb5+ Nc6 4.Bxc6+ bxc6 5.e5 Bg4 6.h3 Bh5 7.O-O dxe5 8.g4 e4
9.gxh5 exf3 10.Nc3 Qd7 11.Qxf3 Nh6 12.Ne4 e6 13.d4 Nf5 14.dxc5 Nd4 15.Qd3 f5
16.Nd6+ Bxd6 17.cxd6 c5 18.c3 Nc6 19.Re1 O-O 20.Bf4 Rae8 21.Qc4 h6 22.Qxc5 e5
23.Bxe5 f4 24.Qc4+ Kh8 25.Bxf4 Nd8 26.Bg3 Qxh3 27.Re7 Ne6 28.Rxe8 Rxe8 29.Re1 Kh7
30.Qe4+ Kh8 31.d7  1-0

[Event "World Open"]
[Site "Philadelphia USA"]
[Date "2009.07.04"]
[Round "6"]
[White "Hess,Ro"]
[Black "Fedorowicz,J"]
[Result "1/2-1/2"]
[WhiteElo "2485"]
[BlackElo "2485"]

1.e4 c5 2.Nf3 d6 3.Bb5+ Bd7 4.a4 Nc6 5.O-O a6 6.Bxc6 Bxc6 7.Re1 e5 8.c3 Ne7
9.d4 Ng6 10.a5 Be7 11.dxc5 dxc5 12.Qc2 c4 13.Rd1 Qc7 14.Be3 O-O 15.Nbd2 Bb5
16.Nf1 Qc6 17.Rd5 f6 18.h4 Rfd8 19.h5 Nf8 20.Qd1 Qe8 21.Bb6 Rdc8 22.Nh4 Ne6
23.Nf5 Nf4 24.N1e3 Bf8 25.h6 g6 26.Nd6 Bxd6 27.Rxd6 Qe7 28.b3 Ne2+ 29.Qxe2 Qxd6
30.bxc4 Rxc4 31.Nxc4 Qe6 32.Rd1 Bxc4 33.Qb2 Bb5 34.Qb4 Re8 35.Rd6 Qf7 36.Bd8 Re6
37.Qc5 Bc6 38.Rd2 g5 39.Bb6 Re8 40.Rd6 Re6 41.Rd8+ Re8 42.Qd6 Qf8  1/2-1/2

[Event "37th Greek Teams"]
[Site "Kallithea GRE"]
[Date "2009.07.05"]
[Round "2"]
[White "Markidis,K"]
[Black "Georgiev,Kr"]
[Result "0-1"]
[WhiteElo "2334"]
[BlackElo "2430"]

1.e4 c5 2.Nf3 d6 3.Bb5+ Bd7 4.Bxd7+ Qxd7 5.c4 e5 6.Nc3 Nc6 7.d3 g6 8.Nd5 Bg7
9.a3 Nge7 10.Bg5 Nxd5 11.cxd5 Nb8 12.O-O O-O 13.b4 Na6 14.Qb3 f5 15.Bd2 cxb4
16.axb4 Nc7 17.Rfe1 Nb5 18.Bc3 Bh6 19.d4 fxe4 20.Rxe4 Qf5 21.Rae1 Rac8 22.Bb2 Bd2
23.R1e2 Bc3 24.dxe5 Bxb2 25.Qxb2 Nc3 26.Nd4 Nxe2+ 27.Rxe2 Qd3 28.h3 Rfe8
29.Rd2 Qc3 30.Qxc3 Rxc3 31.exd6 Rd8 32.Kh2 Rc4 33.b5 Rxd6 34.Ne6 Kf7 35.Rd3 Rb4
36.Nc7 Ke7 37.Rc3 Kd7 38.Kg3 Rf6 39.f3 Rf7 40.Ne6 Kd6 41.Ng5 Re7 42.Rd3 Rxb5
43.Ne4+ Ke5 44.Nc3 Rb4 45.Re3+ Kd6 46.Ne4+ Kd7 47.Kf4 a5 48.Rc3 a4 49.Ke3 Re5
50.Rc5 b6 51.Rc2 b5 52.h4 a3  0-1

[Event "37th Greek Teams"]
[Site "Kallithea GRE"]
[Date "2009.07.05"]
[Round "2"]
[White "Macieja,B"]
[Black "Banikas,H"]
[Result "1/2-1/2"]
[WhiteElo "2612"]
[BlackElo "2598"]

1.e4 c5 2.Nf3 d6 3.Bb5+ Bd7 4.Bxd7+ Qxd7 5.c4 Nc6 6.d4 cxd4 7.Nxd4 g6 8.Nc3 Bg7
9.Be3 Nf6 10.f3 O-O 11.Rc1 Rac8 12.Nde2 Rfd8 13.Qd2 e6 14.Rd1 d5 15.cxd5 exd5
16.Nxd5 Nxd5 17.exd5 Ne7 18.d6 Nf5 19.Bf4 Bf8 20.Nc3 Bxd6 21.Bxd6 Qxd6 22.Qxd6 Nxd6
23.Kf2 Nc4 24.b3 Rxd1 25.Nxd1 Ne5 26.Ne3 Nd3+ 27.Ke2 Nc1+ 28.Kd2 Nxa2 29.Ra1 Rd8+
30.Ke1 Nb4 31.Rxa7 Nd3+ 32.Kf1 Re8 33.Ke2 Nf4+ 34.Kd2 Rd8+ 35.Kc2 Rd7 36.Ra4 Nd3
37.Kc3 Nc5 38.Ra8+ Kg7 39.b4 Na6 40.Rc8 Nc7 41.Kc4 Ne6 42.Kb5 Rd3 43.Nc4 Rb3
44.Ka4 Rb1 45.Na3 Rh1 46.h3 Rg1 47.Rc2 Nf4 48.b5 Nxg2 49.Rc7 Nf4 50.Rxb7 Ne6
51.Kb4 Rf1 52.b6 Rxf3 53.Rd7 Rf4+ 54.Nc4 Rf1 55.Nd2 Rf4+ 56.Nc4 Rf1 57.Nd2 Rf4+  1/2-1/2

[Event "37th Greek Teams"]
[Site "Kallithea GRE"]
[Date "2009.07.05"]
[Round "4"]
[White "Kouvatsou,M"]
[Black "Fakhiridou,E"]
[Result "1-0"]
[WhiteElo "2156"]
[BlackElo "2277"]

1.e4 c5 2.Nf3 d6 3.Bb5+ Bd7 4.Bxd7+ Qxd7 5.O-O g6 6.d4 cxd4 7.Nxd4 Nf6 8.Nc3 Bg7
9.f3 O-O 10.Be3 Nc6 11.Qd2 Ne5 12.b3 Rfc8 13.Rad1 Nc6 14.Rf2 Ne8 15.Nd5 e6
16.Nc3 Nxd4 17.Bxd4 Bxd4 18.Qxd4 Qc6 19.Rd3 Qc5 20.Nd1 b5 21.Ne3 Qxd4 22.Rxd4 Rc3
23.Nd1 Rc5 24.Rfd2 Rac8 25.Ne3 f5 26.exf5 gxf5 27.c4 bxc4 28.Nxc4 d5 29.Ne5 Nd6
30.Ra4 R8c7 31.Ra6 Rc1+ 32.Kf2 R1c2 33.Rxc2 Rxc2+ 34.Ke3 Nb5 35.a4 d4+ 36.Kf4 Nc7
37.Rxa7 Nd5+ 38.Kg3 Re2 39.Nc4 d3 40.a5 d2 41.Nb2 Re1 42.a6 d1=Q 43.Nxd1 Rxd1
44.Rb7 Ra1 45.a7 Nb6 46.Rxb6 Rxa7 47.Rxe6 Rb7 48.Re3 Rb4 49.Rc3 Kg7 50.Kf2 Kg6
51.Ke3 Kg5 52.Kd3 Rh4 53.Rc2 Rxh2 54.b4 Rh1 55.Rb2 Kf4 56.b5 Rd1+ 57.Kc4 Rd8
58.b6 Kg3 59.Kc5 h5 60.Kc6 h4 61.Kc7 Rh8 62.b7 Rh7+ 63.Kd6 Rxb7 64.Rxb7 Kxg2
65.f4  1-0

[Event "37th Greek Teams"]
[Site "Kallithea GRE"]
[Date "2009.07.05"]
[Round "5"]
[White "Paganoglou,A"]
[Black "Grapsa,G"]
[Result "1/2-1/2"]
[WhiteElo "1935"]
[BlackElo "2083"]

1.e4 c5 2.Nf3 d6 3.Bb5+ Bd7 4.Bxd7+ Qxd7 5.c4 Nc6 6.O-O Nf6 7.Nc3 g6 8.d3 Bg7
9.Bg5 h6 10.Bd2 O-O 11.Ne1 Nd4 12.f4 b5 13.cxb5 Nxb5 14.Nf3 Nd4 15.Nxd4 cxd4
16.Ne2 Rab8 17.Rb1 Qb5 18.Rf3 Nd7 19.b4 Nc5 20.f5 g5 21.h4 gxh4 22.Nf4 Kh7
23.Qe1 Bf6 24.Nd5 Bg5 25.Bxg5 hxg5 26.Rh3 Kg7 27.Qe2 f6 28.Rd1 e6 29.Nf4 gxf4
30.Qh5 Qe8 31.Qg4+ Kf7 32.bxc5 Rg8 33.fxe6+ Qxe6 34.Qh5+ Ke7 35.Qh7+ Qf7
36.cxd6+ Ke8 37.Qf5 Qxa2 38.d7+ Ke7 39.Kh2 Rb1 40.Qc5+ Kd8 41.Qc8+ Ke7 42.Qc5+ Kd8  1/2-1/2

[Event "World Open"]
[Site "Philadelphia USA"]
[Date "2009.07.05"]
[Round "8"]
[White "Ivanov,AV USA"]
[Black "Ehlvest,J"]
[Result "0-1"]
[WhiteElo "2516"]
[BlackElo "2606"]

1.e4 c5 2.Nf3 d6 3.Bb5+ Nd7 4.d4 cxd4 5.Qxd4 a6 6.Bxd7+ Bxd7 7.Nc3 Rc8 8.O-O e5
9.Qd3 h6 10.Nd2 Be6 11.Nd5 Ne7 12.c4 Nxd5 13.exd5 Bd7 14.f4 Be7 15.Ne4 f5
16.fxe5 dxe5 17.Qg3 O-O 18.Bxh6 Qb6+ 19.Be3 Qxb2 20.d6 f4 21.Qf2 Qxf2+ 22.Bxf2 Bf6
23.c5 Bc6 24.Rfe1 Kf7 25.Rad1 Rcd8 26.Re2 Ke6 27.Be1 Kf5 28.Nc3 Ke6 29.Ne4 Rc8
30.Nxf6 gxf6 31.Ba5 Rf7 32.Rf2 Rh8 33.Re1 Kd7 34.Rd1 Rg7 35.Rdd2 f3 36.Rd3 fxg2
37.Re3 Rxh2  0-1

[Event "37th Greek Teams"]
[Site "Kallithea GRE"]
[Date "2009.07.06"]
[Round "6"]
[White "Athanasiou,G"]
[Black "Homatidis,P"]
[Result "0-1"]
[WhiteElo "1946"]
[BlackElo "2123"]

1.e4 c5 2.Nf3 d6 3.Bb5+ Bd7 4.Bxd7+ Qxd7 5.O-O Nf6 6.Re1 Nc6 7.d4 cxd4 8.Nxd4 g6
9.f3 Bg7 10.Be3 O-O 11.Nc3 a6 12.Qd2 Ne5 13.b3 Rac8 14.Nd5 Nxd5 15.exd5 b5
16.a4 Qb7 17.axb5 axb5 18.Ra5 Qxd5 19.c4 Qb7 20.Rxb5 Qd7 21.Ra1 h5 22.Bh6 Rfd8
23.Bxg7 Kxg7 24.Qb4 Rc7 25.f4 Nc6 26.Nxc6 Qxc6 27.Qc3+ f6 28.Qg3 Kf7 29.Re1 Ra8
30.Qh3 Rh8 31.g4 Qd7 32.f5 Kg7 33.g5 Rf8 34.Re6 Ra7 35.Qe3 gxf5 36.Rxf5 Rg8
37.Ra5 Rb7 38.Kf2 Kf7 39.Re4 e5 40.gxf6 Qf5+ 41.Ke1 Rxb3 42.Ra7+ Kxf6 43.Qh6+ Qg6
44.Rh7 Ra8 45.Re2 Rb1+ 46.Kf2 Rh1 47.Qxh5 Qg1+ 48.Kf3 Ra3+ 49.Ke4 Qd4+  0-1

[Event "37th Greek Teams"]
[Site "Kallithea GRE"]
[Date "2009.07.06"]
[Round "6"]
[White "Kouvatsou,M"]
[Black "Manolaraki,Y"]
[Result "1-0"]
[WhiteElo "2156"]
[BlackElo "2073"]

1.e4 c5 2.Nf3 d6 3.Bb5+ Bd7 4.Bxd7+ Qxd7 5.d4 cxd4 6.Nxd4 Nf6 7.Nc3 g6 8.O-O Bg7
9.f3 O-O 10.Be3 Nc6 11.Qd2 Ne5 12.b3 Rac8 13.Rad1 a6 14.a4 Qc7 15.Nd5 Nxd5
16.exd5 Qc3 17.Qf2 Qa5 18.c4 Nxc4 19.bxc4 Rxc4 20.Ne2 Qxa4 21.f4 Qd7 22.Bd4 Bxd4
23.Nxd4 e6 24.dxe6 fxe6 25.Qe2 Rfc8 26.Qxe6+ Qxe6 27.Nxe6 R4c6 28.g4 d5 29.f5 Rd6
30.h3 b5 31.Nd4 Kg7 32.Rde1 Kf7 33.Nf3 Rc7 34.h4 Kg7 35.Kg2 gxf5 36.gxf5 Rc2+
37.Kg3 Rc7 38.Ng5 Rcd7 39.Ne6+ Kf7 40.Ng5+ Kg7 41.Ne6+ Kf7 42.Nd4 b4 43.Re6 Kg8
44.Kf4 a5 45.Ke5 Rxe6+ 46.fxe6 Ra7 47.Nc6 Ra8 48.e7 Re8 49.Kf6  1-0

[Event "KUTXA"]
[Site "Donostia ESP"]
[Date "2009.07.08"]
[Round "2"]
[White "Argandona Riveiro,I"]
[Black "Ubilava,E"]
[Result "1/2-1/2"]
[WhiteElo "2364"]
[BlackElo "2547"]

1.e4 c5 2.Nf3 d6 3.Bb5+ Nd7 4.Nc3 Nf6 5.d4 cxd4 6.Qxd4 e5 7.Qd3 Be7 8.Bg5 O-O
9.Bxd7 Bxd7 10.Bxf6 Bxf6 11.Qxd6 Bc6 12.Qxd8 Rfxd8 13.a4 Rac8 14.Ke2 a6 15.Rhd1 Re8
16.Ne1 Bd8 17.Nd5 Kf8 18.c3 Re6 19.Nc2 Be8 20.Nce3 a5 21.c4 g6 22.b3 Bg5
23.f3 Kg8 24.Rd3 Bh6 25.Rad1 Bf8 26.g4 h6 27.h4 Kg7 28.g5 Bc6 29.Ng4 h5 30.Ngf6 Bc5
31.Kf1 Rd6 32.Ke2 Rcd8 33.Ne3 Rxd3 34.Rxd3 Rxd3 35.Kxd3 Kf8 36.Nfd5 Ke8 37.Ke2 Kd7
38.Nd1 Kd6 39.Nb2 Bd4 40.Nd3 Bd7 41.Ne3 Be6 42.Nc2 Bb6 43.Na3 Ke7 44.Nxe5 Bc7
45.f4 Bxe5 46.fxe5 Bg4+ 47.Kd3 Bd1 48.Nb5 Bxb3 49.Nd6 Ke6 50.Kd4 b6 51.Nc8 Bxa4
52.Nxb6 Bc6 53.c5 Bb5 54.Nc4 a4 55.Na3 Bc6 56.Nb1 Bb5 57.Na3 Bc6 58.Nb1 Bb5
59.Na3  1/2-1/2

[Event "37th Greek Teams"]
[Site "Kallithea GRE"]
[Date "2009.07.08"]
[Round "8"]
[White "Kouvatsou,M"]
[Black "Papadopoulou,V"]
[Result "1/2-1/2"]
[WhiteElo "2156"]
[BlackElo "2160"]

1.e4 c5 2.Nf3 d6 3.Bb5+ Nd7 4.c4 Nf6 5.Nc3 g6 6.O-O Bg7 7.d4 cxd4 8.Nxd4 O-O
9.Bxd7 Bxd7 10.b3 Rc8 11.Bb2 a6 12.Re1 Re8 13.Qd2 Qa5 14.a4 Ng4 15.Rad1 Qc5
16.Nd5 Bh6 17.Qb4 Qxb4 18.Nxb4 Ne5 19.Nd5 Bc6 20.Re2 Nd7 21.Ba3 Bg7 22.f4 Bxd4+
23.Rxd4 f6 24.Re3 Kf7 25.a5 Nc5 26.g3 Nd7 27.Rd2 Bxd5 28.Rxd5 Rc6 29.Kf2 Rb8
30.Rc3 b5 31.axb6 Rcxb6 32.b4 Rc6 33.c5 Nb6 34.Rd4 Na4 35.Rc2 Rb5 36.Rdc4 h5
37.h4 Rb7 38.Bc1 Rb5 39.Be3 dxc5 40.Bxc5 Nb6 41.R4c3  1/2-1/2

[Event "ch-IRL"]
[Site "Dublin IRL"]
[Date "2009.07.10"]
[Round "8"]
[White "Murray,D"]
[Black "Doyle,H"]
[Result "1-0"]
[WhiteElo "1981"]
[BlackElo "1910"]

1.e4 c5 2.Nf3 d6 3.Bb5+ Nc6 4.O-O Bd7 5.c3 Nf6 6.Re1 a6 7.Ba4 e6 8.d4 Be7
9.Nbd2 b5 10.Bb3 c4 11.Bc2 d5 12.e5 Ng4 13.Nf1 h5 14.Be3 Nxe3 15.fxe3 g5
16.N3d2 b4 17.e4 bxc3 18.bxc3 Qa5 19.Qf3 g4 20.Qe3 Rg8 21.Kh1 h4 22.Nb1 Rb8
23.exd5 exd5 24.e6 Bxe6 25.Qf4 Rb2 26.Ne3 Bg5 27.Qd6 Ne7 28.Bf5 Bxe3 29.Bxe6 fxe6
30.Qxe6 Rf8 31.Qxe3 Qc7 32.Nd2 Rb6 33.Re2 g3 34.Rae1 Rf7 35.Qg5 gxh2 36.Qg8+ Rf8
37.Rxe7+ Qxe7 38.Rxe7+ Kxe7 39.Qxd5 Rbf6 40.Nxc4 h3 41.Qb7+ Kd8 42.Qb8+ Ke7
43.Qc7+ Ke6 44.Qd6+ Kf7 45.Qd7+  1-0